000 01069pam a2200313 a 4500
001 9289
003 FISKH
005 20251209103854.0
008 851031s1986 nyua j b 001 1 eng
010 _a 85027529
020 _a071001002508
035 _a1915756
040 _aDLC
_cDLC
_dDLC
_beng
050 _aPZ7.H3126 N
082 _a813
100 1 _aHawes, Louise.
245 1 0 _aNelson Malone meets the man from Mush-Nut /
_cLouise Hawes ; illustrated by Bert Dodson.
260 _aNew York :
_bLodestar Books,
_c1986.
300 _a116 pages :
_billustrations ;
_c20 cm
505 _aP
520 _aFifth grader Nelson Malone borrows a giant talking snake from his neighborhood witch, converts his sister's doll to a homework machine, and becomes embroiled in other comic misadventures.
521 8 _a650
_bLexile estimate
521 8 _aP
_bRaz-Plus
650 1 _aHumorous stories.
_2chapter book
700 1 _aDodson, Bert,
_eillustrator
906 _a7
_bcbc
_corignew
_d1
_eocip
_f19
_gy-gencatlg
942 _2ddc
_cBK
_n0
999 _c9289
_d9289